[Event "20th IPCA World-ch 2021"]
[Site "Torrevieja"]
[Date "2021.10.23"]
[Round "6.4"]
[White "Moya Albaladejo, Jose Antonio"]
[Black "Kimsanboyev, Axadxon"]
[Result "1/2-1/2"]
[WhiteElo "1923"]
[BlackElo "1636"]
[Annotator "TA"]
[PlyCount "64"]
[EventDate "2021.10.19"]
[EventType "swiss"]
[EventRounds "9"]
[EventCountry "ESP"]
[SourceTitle "playchess.com"]
[Source "ChessBase"]
[SourceQuality "1"]

{[%evp 17,64,0,0,0,0,7,29,3,9,8,10,-57,-54,-57,-56,-55,-40,-51,-19,-33,-13,-22,-10,-42,-39,-69,104,93,127,105,152,153,150,152,191,76,67,74,70,-25,60,0,30,12,19,-16,-16,-19,-8]} 1. e4 c5 2. Nf3 Nc6 3. Bb5 g6 4. O-O Bg7 5. c3 Nf6 6. Re1 O-O 7. d4 d5 8. e5 Ne4 9. Bxc6 bxc6 10. Be3 $1 {[%mdl 4] now scores much better than the old 10.Nbd2. B31: Sicilian: 2...Nc6 3 Bb5 g6.} cxd4 11. cxd4 Rb8 12. b3 {White has an edge.} f6 13. Nbd2 Bg4 {[#]} 14. Qc2 $146 (14. exf6 $11 Bxf6 15. Rc1) ({Predecessor:} 14. exf6 Rxf6 15. Qc1 Bxf3 16. Nxf3 Rc8 17. b4 Qd6 18. b5 c5 19. dxc5 Nxc5 20. Bd4 {½-½ (41) Krykun,Y (2371)-Andrianov,N (2408) Charlotte 2020}) 14... Nxd2 $15 {[%mdl 64] [#] Overworked Piece} 15. Nxd2 fxe5 16. dxe5 Bxe5 17. Bxa7 Bxa1 (17... Bxh2+ $5 18. Kxh2 Qc7+ {[%mdl 64] Double Attack} 19. Kg1 Qxa7 $17) 18. Bxb8 Bd4 19. Bg3 Qb6 {[%cal Rd4f2]} 20. Nf1 e5 21. Ne3 Bxe3 (21... Be6 $15 {stays ahead.}) 22. Rxe3 $16 e4 23. Bd6 {Black must now prevent Bc5.} Rc8 {[#]} 24. Bc5 $1 {[%cal Rc5b6]} Qc7 25. b4 Qg7 {( -> ...Qa1+)} 26. h3 (26. Qd2 $18 {is more deadly.}) 26... Qa1+ 27. Kh2 Qe5+ 28. g3 (28. f4 $14 Qxf4+ 29. Kg1) 28... Be6 (28... Qh5 $1 $11 29. h4 g5) 29. Qd2 (29. a4 $14) 29... Qh5 (29... Qf5 $5 {[%cal Rf5h3]}) 30. h4 Qg4 {The position is equal.} 31. Qe2 Qxe2 32. Rxe2 Ra8 {Weighted Error Value: White=0.33/Black=0.32} 1/2-1/2

[Event "20th IPCA World-ch 2021"]
[Site "Torrevieja"]
[Date "2021.10.23"]
[Round "6.5"]
[White "Zavarsky, Juraj"]
[Black "Zakharova, Evgeniya"]
[Result "1/2-1/2"]
[WhiteElo "1975"]
[BlackElo "2045"]
[Annotator "TA"]
[PlyCount "64"]
[EventDate "2021.10.19"]
[EventType "swiss"]
[EventRounds "9"]
[EventCountry "ESP"]
[SourceTitle "playchess.com"]
[Source "ChessBase"]
[SourceQuality "1"]

{[%evp 12,64,18,13,35,35,56,45,56,59,47,46,48,33,39,35,45,-46,0,-14,-4,-9,-6,-11,12,-71,-56,-50,-27,-35,-48,-52,5,-87,-129,-89,-79,-88,-17,-10,-12,-12,-11,-31,0,-13,-2,0,0,0,0,0,0,0,0]} 1. d4 Nf6 2. c4 e6 3. Nf3 Bb4+ 4. Nbd2 O-O 5. a3 Be7 6. g3 d6 7. Bg2 Nbd7 {E11: Bogo-Indian.} 8. O-O e5 9. Qc2 a5 {White is slightly better.} 10. b3 {[#]} Re8 $146 ({Predecessor:} 10... c6 11. Bb2 Qc7 12. c5 exd4 13. cxd6 Bxd6 14. Nxd4 Re8 15. Nc4 Bf8 16. Bc1 Nb6 {½-½ (23) Strebkovs,A (2336)-Vlasak,L (2366) Frydek Mistek 2015}) 11. Bb2 Bf8 12. e3 c6 13. dxe5 dxe5 14. Ng5 (14. Bc3 $14) 14... h6 15. Nge4 (15. Ngf3 {keeps more tension.} Bd6 16. Rfd1 Qe7 17. Nh4 g6 18. Ne4) 15... Nxe4 16. Nxe4 f5 17. Nc3 e4 18. f3 {[#]} (18. Na4 $11) 18... exf3 $1 $17 19. Bxf3 Ne5 20. Na4 Nxf3+ 21. Rxf3 b5 {[#]} (21... Be6 $15 22. Rf2 Qg5) 22. cxb5 (22. Rd1 $1 $11 {was the only way to keep the balance.} Qe7 23. Nb6) 22... cxb5 23. Rd1 Qe7 24. Nc3 {[%cal Ba4c3,Bc3d5,Bd5b6][%mdl 32]} Bb7 (24... Qb7 $17 25. Nd5 Rd8) 25. Nd5 $11 Qe4 26. Qxe4 fxe4 27. Rf5 Rac8 28. Nb6 {The position is equal.} Rc2 29. Bd4 b4 30. axb4 axb4 31. Ra1 Bc8 32. Nxc8 Rexc8 {Weighted Error Value: White=0.22/Black=0.15} 1/2-1/2

[Event "20th IPCA World-ch 2021"]
[Site "Torrevieja"]
[Date "2021.10.23"]
[Round "6.6"]
[White "Vasquez, Georges"]
[Black "Kaydanovich, Marina"]
[Result "0-1"]
[WhiteElo "1864"]
[BlackElo "1737"]
[Annotator "NA RC"]
[PlyCount "84"]
[EventDate "2021.10.19"]
[EventType "swiss"]
[EventRounds "9"]
[EventCountry "ESP"]
[SourceTitle "playchess.com"]
[Source "ChessBase"]
[SourceQuality "1"]
[TimeControl "5400+30"]

1. d4 d5 2. Bf4 Nf6 3. e3 e6 4. Nf3 Bd6 5. Bg3 Bxg3 6. hxg3 Nbd7 7. Bd3 Qe7 8. c3 h6 9. Nbd2 c5 10. Qe2 b6 11. Ne5 Bb7 12. Bb5 a6 13. Nxd7 Nxd7 14. Bxd7+ Kxd7 15. O-O-O cxd4 16. exd4 Bc6 17. Nf3 Kc8 18. Ne5 Bb5 19. Qe3 Kb7 20. Kb1 Rac8 21. Qf4 Rc7 22. Rhe1 a5 23. Rd2 a4 24. a3 Qg5 25. Re3 Qxf4 26. gxf4 Bf1 27. g3 h5 28. Re1 Bh3 29. Rh1 Bf5+ 30. Ka2 Rh6 31. Rh4 f6 32. Nf3 Be4 33. Ne1 g5 34. fxg5 fxg5 35. Rh2 Rf7 36. Ng2 Kc6 37. Ne3 Bf3 38. b3 b5 39. bxa4 bxa4 40. c4 dxc4 41. Nxc4 Bd5 42. Rc2 Kb5 0-1

[Event "20th IPCA World-ch 2021"]
[Site "Torrevieja"]
[Date "2021.10.23"]
[Round "6.7"]
[White "Pilimon, Zbigniew"]
[Black "Glazar, Domagoj"]
[Result "0-1"]
[WhiteElo "1638"]
[BlackElo "2142"]
[Annotator "TA"]
[PlyCount "74"]
[EventDate "2021.10.19"]
[EventType "swiss"]
[EventRounds "9"]
[EventCountry "ESP"]
[SourceTitle "playchess.com"]
[Source "ChessBase"]
[SourceQuality "1"]

{[%evp 18,74,0,0,18,0,6,16,31,43,41,0,0,-40,-27,-16,0,-117,-72,-286,-293,-337,-337,-312,-218,-250,-254,-238,-194,-201,-200,-185,-125,-142,-74,-74,-21,-32,-32,-38,-17,-23,-12,-204,-34,-37,35,-38,-55,-66,0,-279,-214,-435,-290,-954,-947,-29998,-29999]} 1. d4 Nf6 2. c4 g6 3. Nc3 d5 4. cxd5 Nxd5 5. e4 Nxc3 6. bxc3 Bg7 7. Bc4 c5 8. Ne2 O-O 9. Rb1 Nc6 10. Be3 Na5 {D87: Exchange Grünfeld: Classical Line: Variations without ...cxd4.} 11. Bd3 cxd4 12. cxd4 Bd7 {The position is equal.} 13. O-O a6 {[#]} 14. f4 $146 ({Predecessor:} 14. Qd2 b5 15. Rfc1 Rc8 16. Bh6 Qb6 17. Bxg7 Kxg7 18. a4 Rxc1+ 19. Qxc1 Rc8 20. Qb2 {½-½ (27) Kopernicky,M (2057)-Graham,C (1853) Basingstoke 2018}) 14... Rc8 15. Rb4 b5 16. Qd2 f5 17. Nc3 (17. e5 $1 $11 {keeps the balance.}) 17... Nc6 (17... Qc7 {seems wilder.} 18. Ne2 fxe4 19. Bxe4 Qd6 20. Bd3 Nc6) 18. Rb3 (18. Rbb1 $17) 18... Nxd4 $19 ({Not} 18... Bxd4 19. Ne2 $17) 19. Bxd4 Bxd4+ 20. Kh1 Bg7 21. e5 Be6 22. Rb2 Qd7 23. Ne2 Rfd8 24. Rd1 h6 (24... Bd5 $19 25. Qe1 Qc6) 25. h4 Kh7 (25... Bf7 $142 26. Bc4 Qxd2 27. Rbxd2 Rxd2 28. Bxf7+ Kxf7 29. Rxd2 g5 30. hxg5 hxg5) 26. Qe3 $17 Bd5 (26... h5 $17) 27. Rbd2 e6 28. h5 $1 {[%cal Rh5g6]} Qf7 $36 {[%mdl 2048] Threatens to win with ...g5. Black has the initiative.} ({Of course not} 28... gxh5 $6 29. Bxf5+ $1 exf5 30. Rxd5 $16) 29. hxg6+ Qxg6 {[%csl Gd5][%cal Rg6g2]} 30. Ng3 $2 (30. Qh3 $11) 30... Rf8 $2 (30... Rc3 $19 {Strongly threatening ...Bf8.} 31. Nf1 Rdc8) 31. Be2 $15 {[#] Black must now prevent Bh5.} Qf7 {[#]} (31... Bxe5 $1 $15 32. Bh5 (32. fxe5 $2 f4 $19) 32... Qf6 33. fxe5 Qh4+ 34. Kg1 Rg8 35. Rxd5 exd5 36. Qa7+ {[%mdl 64] Double Attack} Kh8 37. Qxa6 Rc7 38. Qxh6+ Rh7 39. Nxf5 Rxh6 40. Nxh4 Rxh5 {[%mdl 64] Double Attack}) 32. Bh5 ({White should play} 32. Nxf5 $1 $14 Rc7 {[#]} (32... Rcd8 33. Nxg7) 33. Rxd5 $1 exd5 34. Qh3) 32... Qe7 {...b4 is the strong threat.} 33. Be2 Rf7 ({Black should try} 33... b4 $15 34. Qf2 Rc3) 34. Bd3 $2 {[%mdl 8192]} (34. Rxd5 $11 {and White is okay.} exd5 35. Rxd5) 34... Ba8 35. Be2 $2 (35. Nxf5 exf5 36. Qh3) 35... Bf8 36. Nh5 $2 (36. Qg1) 36... Qh4+ $19 37. Qh3 Qxh3+ {Weighted Error Value: White=0.94/Black=0.42} 0-1

[Event "20th IPCA World-ch 2021"]
[Site "Torrevieja"]
[Date "2021.10.23"]
[Round "6.8"]
[White "Valenta, Vit Vaclav"]
[Black "Wollner, Bohus"]
[Result "1-0"]
[WhiteElo "2028"]
[BlackElo "1107"]
[Annotator "TA"]
[PlyCount "45"]
[EventDate "2021.10.19"]
[EventType "swiss"]
[EventRounds "9"]
[EventCountry "ESP"]
[SourceTitle "playchess.com"]
[Source "ChessBase"]
[SourceQuality "1"]

{[%evp 10,45,50,39,122,116,333,311,325,306,295,239,232,216,271,266,488,489,564,560,590,562,587,525,527,534,558,555,1019,728,720,689,863,601,941,852,861,766]} 1. e4 e5 2. Nf3 Nc6 3. Bb5 d6 4. d4 Bd7 5. c3 Nf6 6. Nbd2 {[#]} Nb8 $146 {C44: Ponziani Opening and Scotch Gambit.} (6... Be7 $14) ({Predecessor:} 6... Be7 7. O-O a6 8. Bd3 O-O 9. Re1 Re8 10. h3 Bf8 11. Nf1 g6 12. Ng3 Bg7 13. Bg5 h6 14. Be3 {1-0 (65) Duda,J (2658)-Bezold,M (2509) Berlin 2015}) 7. Bc4 c6 $2 {[#]} (7... exd4 $16 {was worth a try.} 8. Qb3 (8. cxd4 Nc6 $14) 8... d5 9. exd5 (9. Bxd5 Nxd5 10. exd5 dxc3 $16) 9... dxc3) 8. dxe5 dxe5 {White has a decisive advantage.} 9. Nxe5 Be6 10. Bxe6 fxe6 11. O-O Bd6 12. Nef3 {aiming for e5.} O-O $2 (12... Nbd7 {is a better defense.} 13. Nc4 Bb8) 13. e5 $18 {[%mdl 64] [#] Double Attack. White is clearly winning.} Bc7 14. exf6 Qxf6 15. Ne4 Qe7 16. Qe2 Nd7 17. Bg5 Qe8 18. Rad1 Bd8 19. Bxd8 Rxd8 20. Neg5 Rf6 21. Qe4 Qg6 22. Qxg6 Rxg6 23. Rfe1 {Black did not feel at home in the position after the opening.  Weighted Error Value: White=0.21/Black=0.84} 1-0

[Event "20th IPCA World-ch 2021"]
[Site "Torrevieja"]
[Date "2021.10.24"]
[Round "7.1"]
[White "Zakharova, Evgeniya"]
[Black "Obodchuk, Andrei"]
[Result "0-1"]
[WhiteElo "2045"]
[BlackElo "2303"]
[Annotator "TA"]
[PlyCount "86"]
[EventDate "2021.10.19"]
[EventType "swiss"]
[EventRounds "9"]
[EventCountry "ESP"]
[SourceTitle "playchess.com"]
[Source "ChessBase"]
[SourceQuality "1"]

{[%evp 13,86,13,13,-16,-10,-41,-15,-43,-16,-10,0,0,0,0,0,0,0,-6,-29,-10,0,0,0,0,0,0,0,0,0,0,175,-170,-168,-361,-343,-664,-660,-733,-729,-714,-684,-662,-593,-589,-550,-529,-469,-469,-469,-469,-469,-477,-469,-469,-469,-719,-693,-690,-697,-1029,-1029,-1011,-989,-1018,-931,-1017,-1001,-4133,-2889,-2005,-2246,-2291,-2277,-1751,-1748]} 1. Nf3 d5 2. d4 Nf6 3. c4 e6 4. g3 dxc4 5. Bg2 a6 6. a4 Nc6 7. O-O Rb8 8. Na3 {E04: Open Catalan: 5 Nf3.} Bxa3 9. bxa3 O-O 10. Qc2 {[#] The position is equal.} b5 $146 ({Predecessor:} 10... b6 11. Qxc4 Na5 12. Qc2 Bb7 13. Bf4 Rc8 14. Rac1 Be4 15. Qb2 Qd7 16. Bg5 Qd5 17. Bxf6 gxf6 {1-0 (51) Panesso Rivera,H (2423)-Vera Siguenas,D (2503) Havana 2018}) 11. axb5 axb5 12. a4 b4 13. Qxc4 Na5 {[%cal Ra5c4]} 14. Qd3 Bb7 15. Nd2 Bxg2 16. Kxg2 c5 17. dxc5 Qxd3 18. exd3 Rfd8 $36 {[%mdl 2048] Black is pushing.} 19. Nc4 Nb3 {[%cal Rb3a1]} 20. Bf4 {c6 is the strong threat.} Rbc8 21. Rab1 Nxc5 (21... Rxd3 $11 22. Nb6 Rxc5) 22. Ne5 $4 {[%mdl 8192] [#]} (22. Nb6 $1 $18 {[%cal Rb6c8] was the only winning move.} Rc6 23. Rfc1 $1) 22... Nd5 $1 $19 ({Stronger than} 22... Nxd3 23. Nxd3 Rxd3 24. Rxb4 $11) 23. Rfc1 $2 (23. Be3) 23... f6 ({Weaker is} 23... Nxa4 24. Nc6 $15) 24. Nc6 (24. Nf3 Nxd3 25. Rxc8 Rxc8 26. Be3) 24... Rxc6 {Black is clearly winning.} 25. d4 Nxf4+ {[%mdl 64] Discovered Attack} 26. gxf4 Rxd4 27. a5 b3 28. a6 Ra4 29. Rxb3 Raxa6 30. Rbc3 Ra5 31. Kf3 Kf7 32. Ke3 h6 33. h4 Rb5 34. Ra1 (34. Rc4 $142) 34... Rb3 35. Ra7+ Kg6 36. h5+ Kf5 37. Rxb3 Nxb3 38. Rxg7 {[%mdl 4096] Endgame KRN-KR} Rc3+ 39. Ke2 Rh3 40. Rb7 Nd4+ 41. Kd2 Kxf4 42. Rb4 e5 43. Rb6 Kf5 {Weighted Error Value: White=0.68/Black=0.16} 0-1

[Event "20th IPCA World-ch 2021"]
[Site "Torrevieja"]
[Date "2021.10.24"]
[Round "7.2"]
[White "Kimsanboyev, Axadxon"]
[Black "Gurbanov, Andrei"]
[Result "0-1"]
[WhiteElo "1636"]
[BlackElo "2252"]
[Annotator "TA"]
[PlyCount "78"]
[EventDate "2021.10.19"]
[EventType "swiss"]
[EventRounds "9"]
[EventCountry "ESP"]
[SourceTitle "playchess.com"]
[Source "ChessBase"]
[SourceQuality "1"]

{[%evp 11,78,5,4,-9,-1,-16,-4,-28,-30,-23,0,0,0,0,-9,-16,-10,0,-10,-8,-7,-14,0,-17,-10,-25,-26,-34,-6,-5,0,-45,-42,-53,-50,-162,-81,-214,-211,-211,-209,-210,-220,-266,-265,-419,-335,-350,-256,-291,-261,-564,-411,-550,-562,-614,-586,-893,-786,-1279,-1223,-1238,-1150,-1737,-1753,-1593,-1522,-1870,-1751]} 1. d4 d5 2. Bf4 Nf6 3. e3 c5 4. c3 e6 5. Nd2 Nc6 6. Bd3 Bd6 7. Bxd6 {The main line 7.Bxd6 scores better than 7.Bg3. D00: 1 d4 d5: Unusual lines.} Qxd6 8. f4 O-O 9. Ngf3 {The position is equal.} cxd4 10. cxd4 Nb4 11. Bb1 b6 12. a3 Nc6 13. Bd3 a5 14. Qe2 Ne7 15. O-O Bb7 16. Rac1 {[#]} Rac8 $146 ({Predecessor:} 16... Nf5 17. Ne5 Rfc8 18. Qf3 Rc7 19. g4 Nh4 20. Qh3 Ng6 21. Ndf3 Rac8 22. Rxc7 Rxc7 23. Nxg6 hxg6 {0-1 (51) Gulko,B (2620)-Comp Virtual Chess Boston 1995}) 17. Nb3 Ne4 18. Rxc8 Rxc8 19. Rc1 Rxc1+ 20. Nxc1 Qc7 21. Nb3 Nf5 {[%cal Be7f5,Bf5d6,Bd6c4][%mdl 32]} 22. g4 Nfd6 23. Kg2 (23. Qd1 $15) 23... f6 (23... a4 $19 24. Nbd2 Qc1) 24. h3 {This costs White the game.} (24. Nbd2 $17 {was worth a try.}) 24... a4 $19 25. Nbd2 Qc1 26. Nf1 {[#]} Nc4 $1 27. Bxc4 dxc4 28. Kh2 (28. Ng3 {is a better defense.}) 28... Bd5 29. Ng3 b5 30. Nxe4 Bxe4 31. Qd2 $2 {[#]} (31. g5 Bxf3 {[%mdl 64] Overworked Piece} 32. Qxf3 Qxb2+ {[%mdl 64] Double Attack} 33. Kg1 Qxa3 34. Qa8+ Kf7 35. Qb7+ Qe7 36. Qxb5) 31... Qf1 32. Ng1 h6 {Black is clearly winning.} 33. Qe2 Qc1 34. h4 b4 35. axb4 c3 36. bxc3 a3 37. Nf3 Qc2 38. Qxc2 Bxc2 39. Ne1 Be4 {Weighted Error Value: White=0.82/Black=0.10} 0-1

[Event "20th IPCA World-ch 2021"]
[Site "Torrevieja"]
[Date "2021.10.24"]
[Round "7.3"]
[White "Kaydanovich, Marina"]
[Black "Anfinogenov, Artem"]
[Result "0-1"]
[WhiteElo "1737"]
[BlackElo "2032"]
[Annotator "TA"]
[PlyCount "86"]
[EventDate "2021.10.19"]
[EventType "swiss"]
[EventRounds "9"]
[EventCountry "ESP"]
[SourceTitle "playchess.com"]
[Source "ChessBase"]
[SourceQuality "1"]

{[%evp 14,86,54,50,54,43,55,51,44,11,29,11,12,32,28,0,0,19,43,33,43,33,41,32,34,36,37,16,10,-4,27,32,63,57,73,64,125,102,102,100,121,118,147,145,144,38,70,46,149,11,0,-28,-37,-26,-37,-193,-176,-277,-248,-428,-416,-457,-444,-432,-399,-1005,-962,-852,-343,-395,-358,-1656,-453,-4918,-4276]} 1. d4 Nf6 2. Nf3 e6 3. c4 c5 4. d5 exd5 5. cxd5 d6 6. Nc3 g6 7. e4 a6 8. a4 Bg7 {A70: Modern Benoni: 6 e4 g6 7 Nf3.} 9. Be2 Bg4 {The modern move.} 10. a5 O-O {White is slightly better.} 11. O-O Re8 12. h3 Bxf3 13. Bxf3 Nbd7 {[%cal Bb8d7,Bd7e5,Be5g6,Bg6f4,Bf4d3][%mdl 32]} 14. Bf4 Ne5 15. Be2 {[#]} h6 $146 ({Predecessor:} 15... c4 16. Qa4 Rc8 17. Qb4 Nfd7 18. Be3 Qc7 19. Na4 Nd3 20. Bxd3 cxd3 21. Rac1 Qb8 {½-½ (61) Tudor,V (1400)-Mircea,S ICCF email 2009}) 16. Be3 g5 17. Qc2 Ng6 18. Rfe1 Qe7 {[%cal Rf6e4]} 19. Ra4 Nd7 20. Bh5 Nf4 21. Bg4 Ne5 22. Bf5 Nfd3 23. Rd1 Nb4 24. Qe2 Nd7 (24... Ng6 $14) 25. f4 gxf4 26. Bxf4 b5 27. axb6 $1 Nxb6 28. Raa1 Qf6 29. g4 (29. Rd2 $16) 29... Qe7 30. Kg2 c4 (30... Bd4 $14) 31. Be3 ({White should play} 31. Qd2 $1 $16) 31... Nd3 $1 $11 32. Rf1 Bxc3 33. bxc3 {[#]} Nxd5 34. Bxh6 $2 ({White should try} 34. Bd2 $15) 34... Nxc3 35. Qc2 (35. Qd2 $142 Nxe4 36. Qe3) 35... Qe5 $19 36. Ra3 $2 (36. Qd2 Nxe4 37. Bxe4 Qxe4+ 38. Kg3) 36... Nxe4 37. Rxd3 cxd3 38. Qxd3 Rab8 {( -> ...Rb2+)} 39. Bf4 $2 (39. Bc1) 39... Qb2+ 40. Kg1 {[#]} Qb6+ (40... Rb3 $142 $1 41. Qd5 Nc3) 41. Be3 Qb3 42. Qd4 (42. Bxe4 Qxd3 43. Bxd3 Rxe3 {[%mdl 64] Double Attack} 44. Bxa6) 42... Ng3 (42... Rb4 $142 43. Qa7 {[#]} Re7 $3 {[%mdl 512]} 44. Qa8+ Rb8 45. Qxb8+ Qxb8 46. Bxe4 Rxe4) 43. Bh7+ (43. Re1 $142) 43... Kxh7 {What a bad dream for White.  Weighted Error Value: White=0.89/Black=0.41} 0-1

[Event "20th IPCA World-ch 2021"]
[Site "Torrevieja"]
[Date "2021.10.24"]
[Round "7.4"]
[White "Tsapalin, Sergey"]
[Black "Moya Albaladejo, Jose Antonio"]
[Result "1-0"]
[WhiteElo "1981"]
[BlackElo "1923"]
[Annotator "TA"]
[PlyCount "111"]
[EventDate "2021.10.19"]
[EventType "swiss"]
[EventRounds "9"]
[EventCountry "ESP"]
[SourceTitle "playchess.com"]
[Source "ChessBase"]
[SourceQuality "1"]

{[%evp 9,111,25,29,-9,-5,0,36,21,15,16,0,0,0,9,16,0,-6,-15,7,-47,-40,-50,-20,-40,-46,-80,-81,-91,-85,-94,-82,-97,-73,-83,-61,-75,-64,-90,-52,-57,-22,-16,-10,-8,-6,-10,151,144,156,162,169,169,169,162,160,159,212,197,218,175,412,412,412,412,412,411,400,387,427,408,557,517,556,433,806,802,1156,1048,1229,1604,1385,1363,2718,2613,2214,1910,1947,1777,1551,1495,29976,29977,29977,29978,29978,29979,29980,29981,29981,29982,29980,29983,29992,29993]} 1. c4 e5 2. g3 c6 3. d4 e4 4. d5 Bb4+ 5. Bd2 Qe7 6. Bxb4 {A20: English Opening: 1...e5.} Qxb4+ {[%mdl 64] Double Attack} 7. Nc3 {[#]} cxd5 $146 ({Predecessor:} 7... Nf6 8. Qd4 O-O 9. O-O-O d6 10. h3 Nbd7 11. dxc6 bxc6 12. Qxd6 Nc5 13. a3 Qa5 14. Kc2 e3 15. b4 Bf5+ 16. Kb2 Rab8 17. Nb5 Qa4 {0-1 (17) Sadovsky,A (2416)-Petrov,N (2610) Yaroslavl 2019}) 8. cxd5 {White is slightly better.} Nf6 9. Qd2 O-O $1 10. Bg2 Re8 $1 11. Rc1 Na6 {[%cal Bb8a6,Ba6c5,Bc5b3,Bb3a5,Ba5c4][%mdl 32]} 12. a3 Qb3 13. Qc2 Nc5 {[#] And now ...Nd3+! would win.} 14. Qxb3 (14. Nxe4 $1 $11 Nfxe4 15. Bxe4 Rxe4 16. Qxc5) 14... Nxb3 $15 15. Rd1 a6 16. d6 b5 17. h4 Bb7 18. Nh3 Na5 19. Rd4 Nc4 20. Ng5 {[%cal Rc3e4]} Nxb2 21. Ngxe4 Nxe4 22. Nxe4 Rac8 23. O-O Bxe4 24. Bxe4 Rc3 25. Bf5 Rd8 26. Rb1 Na4 27. Bxd7 $1 Rxd7 $2 {[#] Black is on the road to losing.} (27... Rxa3 $11 28. Bc6 Rc3) 28. Rxa4 $1 $16 {[%mdl 512]} Rxd6 {[#]} (28... Rc6 29. Rxb5) 29. Rxb5 $1 $11 {[%mdl 4608] Endgame White wants to mate with Rb8+. KRR-KRR} g6 (29... h6 30. Rb8+) 30. Rb8+ Kg7 31. Ra8 Rcc6 32. Ra7 h5 (32... h6 $16 {might work better.} 33. Kg2 Re6) 33. Kg2 $18 Rb6 34. Rc4 Rb3 $2 (34... Re6 {was worth a try.} 35. Rf4 Rf6 36. Rxf6 Kxf6) 35. Rf4 Rf6 36. Rxf6 Kxf6 37. Rxa6+ {KR-KR} Kf5 38. e3 f6 39. a4 {[%cal Ba3a4,Ba4a5,Ba5a6,Ba6a7][%mdl 32]} Ra3 40. a5 Ra4 41. Kf3 Ra2 (41... g5 $142 42. Ra8 g4+ 43. Kg2 Ke4) 42. Ra8 Ke6 43. a6 Kf7 44. a7 Kg7 45. e4 Kh7 46. Ke3 Kg7 47. f3 Kh7 48. Kf4 Kg7 49. g4 Ra3 50. g5 {White mates.} fxg5+ 51. Kxg5 Ra5+ 52. Kf4 Ra3 53. e5 Ra4+ 54. Kg3 Ra3 55. e6 Ra4 56. e7 {Weighted Error Value: White=0.14/Black=0.31} 1-0